The Book of common prayer: (Record no. 20111)
[ view plain ]
| 000 -LEADER | |
|---|---|
| fixed length control field | 00905cam a2200265I 4500 |
| 001 - CONTROL NUMBER | |
| control field | 4619887 |
| 005 - DATE AND TIME OF LATEST TRANSACTION | |
| control field | 20090423074916.0 |
| 008 - FIXED-LENGTH DATA ELEMENTS--GENERAL INFORMATION | |
| fixed length control field | 741111s1946 enk 000 0 eng c |
| 010 ## - LIBRARY OF CONGRESS CONTROL NUMBER | |
| LC control number | a 47005733 |
| 035 ## - SYSTEM CONTROL NUMBER | |
| System control number | (OCoLC)ocm01071300 |
| 035 ## - SYSTEM CONTROL NUMBER | |
| System control number | (NNC)4619887 |
| 040 ## - CATALOGING SOURCE | |
| Original cataloging agency | BZM |
| Transcribing agency | BZM |
| 098 ## - OTHER CLASSIFICATION SCHEMES (OCLC) | |
| Call number based on other classification scheme | UP27 |
| 610 20 - SUBJECT ADDED ENTRY--CORPORATE NAME | |
| Corporate name or jurisdiction name as entry element | Church of England. |
| 830 #0 - SERIES ADDED ENTRY--UNIFORM TITLE | |
| Uniform title | St. Paul's library. |
| 245 14 - TITLE STATEMENT | |
| Title | The Book of common prayer: |
| Statement of responsibility, etc | and administration of the sacraments and other rites and cereminies of the church:together with the Psalter or Psalms of David. |
| 260 ## - PUBLICATION, DISTRIBUTION, ETC. (IMPRINT) | |
| Place of publication, distribution, etc | New York |
| Date of publication, distribution, etc | 1989 |
| 300 ## - PHYSICAL DESCRIPTION | |
| Extent | 1001 p. |
| Dimensions | 20 cm. |
| 490 1# - SERIES STATEMENT | |
| Series statement | St. Paul's library |
| 500 ## - GENERAL NOTE | |
| General note | "First edition 1946." |
| 610 20 - SUBJECT ADDED ENTRY--CORPORATE NAME | |
| Title of a work | Book of common prayer. |
| 650 #0 - SUBJECT ADDED ENTRY--TOPICAL TERM | |
| Topical term or geographic name as entry element | Liturgies. |
| 942 ## - ADDED ENTRY ELEMENTS (KOHA) | |
| Source of classification or shelving scheme | Library of Congress Classification |
| Item type | Book |
| Withdrawn status | Lost status | Source of classification or shelving scheme | Damaged status | Not for loan | Collection code | Home library | Current library | Shelving location | Date acquired | Source of acquisition | Total Checkouts | Full call number | Barcode | Date last borrowed | Copy number | Price effective from | Koha item type |
|---|---|---|---|---|---|---|---|---|---|---|---|---|---|---|---|---|---|
| Library of Congress Classification | Non-fiction | Bishop Okullu Memorial Library (Limuru Campus) | Bishop Okullu Memorial Library (Limuru Campus) | General Circulation | 05/10/2010 | Purchase | 5 | BX 5145 .B66 1989 | 022377 | 25/02/2022 | 1 | 05/10/2010 | Book |